<?xml version="1.0" encoding="UTF-8"?>
<record
    xmlns:xsi="http://www.w3.org/2001/XMLSchema-instance"
    xsi:schemaLocation="http://www.loc.gov/MARC21/slim http://www.loc.gov/standards/marcxml/schema/MARC21slim.xsd"
    xmlns="http://www.loc.gov/MARC21/slim">

  <leader>02291cam a2200661   4500</leader>
  <datafield tag="999" ind1=" " ind2=" ">
    <subfield code="c">23151</subfield>
    <subfield code="d">23151</subfield>
  </datafield>
  <controlfield tag="001">vtls011761451</controlfield>
  <controlfield tag="005">20220207132240.0</controlfield>
  <controlfield tag="008">200316s2018    xo o   g n    000 0 slo  </controlfield>
  <datafield tag="020" ind1=" " ind2=" ">
    <subfield code="a">9788055160252</subfield>
    <subfield code="q">(viazan&#xE9;)</subfield>
  </datafield>
  <datafield tag="035" ind1=" " ind2=" ">
    <subfield code="a">urn:nbn:sk:snk-am00dhp5</subfield>
  </datafield>
  <datafield tag="035" ind1=" " ind2=" ">
    <subfield code="a">urn:nbn:sk:snk-am3i2mv</subfield>
  </datafield>
  <datafield tag="035" ind1=" " ind2=" ">
    <subfield code="a">97523046-48D3-467A-8775-62687FD49E03</subfield>
  </datafield>
  <datafield tag="040" ind1=" " ind2=" ">
    <subfield code="a">SVKBB</subfield>
    <subfield code="b">slo</subfield>
    <subfield code="c">SVKBB</subfield>
    <subfield code="d">SNK</subfield>
    <subfield code="e">rda</subfield>
  </datafield>
  <datafield tag="041" ind1="1" ind2=" ">
    <subfield code="a">slo</subfield>
    <subfield code="h">eng</subfield>
  </datafield>
  <datafield tag="044" ind1=" " ind2=" ">
    <subfield code="a">xo</subfield>
    <subfield code="c">SK</subfield>
  </datafield>
  <datafield tag="072" ind1=" " ind2="7">
    <subfield code="a">615.8</subfield>
    <subfield code="x">Fyzioterapia. Psychoterapia. Alternat&#xED;vna medic&#xED;na</subfield>
    <subfield code="2">konspekt</subfield>
  </datafield>
  <datafield tag="080" ind1=" " ind2=" ">
    <subfield code="a">615.83+615.89</subfield>
    <subfield code="2">2011</subfield>
  </datafield>
  <datafield tag="080" ind1=" " ind2=" ">
    <subfield code="a">630*10</subfield>
    <subfield code="2">2011</subfield>
  </datafield>
  <datafield tag="080" ind1=" " ind2=" ">
    <subfield code="a">615.8</subfield>
    <subfield code="2">2011</subfield>
  </datafield>
  <datafield tag="080" ind1=" " ind2=" ">
    <subfield code="a">615.851</subfield>
    <subfield code="2">2011</subfield>
  </datafield>
  <datafield tag="080" ind1=" " ind2=" ">
    <subfield code="a">502.1</subfield>
    <subfield code="2">2011</subfield>
  </datafield>
  <datafield tag="080" ind1=" " ind2=" ">
    <subfield code="a">613.86</subfield>
    <subfield code="2">2011</subfield>
  </datafield>
  <datafield tag="080" ind1=" " ind2=" ">
    <subfield code="a">(520)</subfield>
    <subfield code="2">2011</subfield>
  </datafield>
  <datafield tag="080" ind1=" " ind2=" ">
    <subfield code="a">796.5</subfield>
    <subfield code="2">2011</subfield>
  </datafield>
  <datafield tag="080" ind1=" " ind2=" ">
    <subfield code="a">(0.062)</subfield>
    <subfield code="2">2011</subfield>
  </datafield>
  <datafield tag="100" ind1="1" ind2=" ">
    <subfield code="a">Li, Qing</subfield>
    <subfield code="4">aut</subfield>
    <subfield code="9">2741</subfield>
  </datafield>
  <datafield tag="240" ind1="1" ind2="0">
    <subfield code="a">Shinrin-yoku</subfield>
    <subfield code="l">Slovensky</subfield>
  </datafield>
  <datafield tag="245" ind1="1" ind2="0">
    <subfield code="a">&#x160;inrin'joku</subfield>
    <subfield code="b">umenie a veda lesn&#xE9;ho k&#xFA;pe&#x13E;a</subfield>
    <subfield code="c">Quing Li ; prelo&#x17E;ila Henrieta Hatalov&#xE1;</subfield>
  </datafield>
  <datafield tag="246" ind1="1" ind2=" ">
    <subfield code="i">Ob&#xE1;lkov&#xFD; podn&#xE1;zov:</subfield>
    <subfield code="a">Ako v&#xE1;m stromy pom&#xF4;&#x17E;u n&#xE1;js&#x165; zdravie a &#x161;&#x165;astie</subfield>
  </datafield>
  <datafield tag="264" ind1=" " ind2="1">
    <subfield code="a">Bratislava</subfield>
    <subfield code="b">Ikar</subfield>
    <subfield code="c">2018</subfield>
  </datafield>
  <datafield tag="300" ind1=" " ind2=" ">
    <subfield code="a">319 str&#xE1;n</subfield>
    <subfield code="b">farebn&#xE9; fotografie</subfield>
    <subfield code="c">22 cm</subfield>
  </datafield>
  <datafield tag="336" ind1=" " ind2=" ">
    <subfield code="a">text</subfield>
    <subfield code="b">txt</subfield>
    <subfield code="2">rdacontent</subfield>
  </datafield>
  <datafield tag="337" ind1=" " ind2=" ">
    <subfield code="a">bez m&#xE9;dia</subfield>
    <subfield code="b">n</subfield>
    <subfield code="2">rdamedia</subfield>
  </datafield>
  <datafield tag="338" ind1=" " ind2=" ">
    <subfield code="a">zv&#xE4;zok</subfield>
    <subfield code="b">nc</subfield>
    <subfield code="2">rdacarrier</subfield>
  </datafield>
  <datafield tag="500" ind1=" " ind2=" ">
    <subfield code="a">Prelo&#x17E;en&#xE9; z angli&#x10D;tiny</subfield>
  </datafield>
  <datafield tag="650" ind1="0" ind2="7">
    <subfield code="a">pr&#xED;rodn&#xE9; lie&#x10D;ite&#x13E;stvo</subfield>
    <subfield code="2">SNKPH</subfield>
    <subfield code="9">1874</subfield>
  </datafield>
  <datafield tag="650" ind1="0" ind2="7">
    <subfield code="a">Healing</subfield>
    <subfield code="2">SNKPHeng</subfield>
    <subfield code="9">1879</subfield>
  </datafield>
  <datafield tag="650" ind1="0" ind2="7">
    <subfield code="a">Forests</subfield>
    <subfield code="2">SNKPHeng</subfield>
    <subfield code="9">1485</subfield>
  </datafield>
  <datafield tag="650" ind1="0" ind2="7">
    <subfield code="a">Alternative therapy</subfield>
    <subfield code="2">SNKPHeng</subfield>
    <subfield code="9">2742</subfield>
  </datafield>
  <datafield tag="650" ind1="0" ind2="7">
    <subfield code="a">lesy</subfield>
    <subfield code="2">SNKPH</subfield>
    <subfield code="9">1479</subfield>
  </datafield>
  <datafield tag="650" ind1="0" ind2="7">
    <subfield code="a">alternat&#xED;vna terapia</subfield>
    <subfield code="2">SNKPH</subfield>
    <subfield code="9">2743</subfield>
  </datafield>
  <datafield tag="650" ind1="0" ind2="7">
    <subfield code="a">psychoterapia</subfield>
    <subfield code="2">SNKPH</subfield>
    <subfield code="9">2471</subfield>
  </datafield>
  <datafield tag="650" ind1="0" ind2="7">
    <subfield code="a">Psychotherapy</subfield>
    <subfield code="2">SNKPHeng</subfield>
    <subfield code="9">2470</subfield>
  </datafield>
  <datafield tag="650" ind1="0" ind2="7">
    <subfield code="a">&#x10D;lovek a pr&#xED;roda</subfield>
    <subfield code="2">SNKPH</subfield>
    <subfield code="9">2744</subfield>
  </datafield>
  <datafield tag="650" ind1="0" ind2="7">
    <subfield code="a">Man and nature</subfield>
    <subfield code="2">SNKPHeng</subfield>
    <subfield code="9">2745</subfield>
  </datafield>
  <datafield tag="650" ind1="0" ind2="7">
    <subfield code="a">relax&#xE1;cia</subfield>
    <subfield code="2">SNKPH</subfield>
    <subfield code="9">2746</subfield>
  </datafield>
  <datafield tag="650" ind1="0" ind2="7">
    <subfield code="a">Relaxation</subfield>
    <subfield code="2">SNKPHeng</subfield>
    <subfield code="9">2747</subfield>
  </datafield>
  <datafield tag="650" ind1="0" ind2="7">
    <subfield code="a">rekre&#xE1;cia vo vo&#x13E;nej pr&#xED;rode</subfield>
    <subfield code="2">SNKPH</subfield>
    <subfield code="9">2748</subfield>
  </datafield>
  <datafield tag="650" ind1="0" ind2="7">
    <subfield code="a">Outdoor recreation</subfield>
    <subfield code="2">SNKPHeng</subfield>
    <subfield code="9">2749</subfield>
  </datafield>
  <datafield tag="651" ind1=" " ind2="7">
    <subfield code="a">Japonsko</subfield>
    <subfield code="2">SNKPHeo</subfield>
    <subfield code="9">2750</subfield>
  </datafield>
  <datafield tag="651" ind1=" " ind2="7">
    <subfield code="a">Japan</subfield>
    <subfield code="2">SNKPHeng</subfield>
    <subfield code="9">2751</subfield>
  </datafield>
  <datafield tag="655" ind1=" " ind2="7">
    <subfield code="a">popul&#xE1;rno-n&#xE1;u&#x10D;n&#xE9; publik&#xE1;cie</subfield>
    <subfield code="2">SNKPH</subfield>
    <subfield code="9">1486</subfield>
  </datafield>
  <datafield tag="655" ind1=" " ind2="7">
    <subfield code="a">Popular works</subfield>
    <subfield code="2">SNKPHeng</subfield>
    <subfield code="9">1487</subfield>
  </datafield>
  <datafield tag="700" ind1="1" ind2=" ">
    <subfield code="a">Hatalov&#xE1;, Henrieta</subfield>
    <subfield code="4">trl</subfield>
    <subfield code="9">2752</subfield>
  </datafield>
  <datafield tag="958" ind1=" " ind2=" ">
    <subfield code="a">NB</subfield>
  </datafield>
  <datafield tag="958" ind1=" " ind2=" ">
    <subfield code="a">OP</subfield>
  </datafield>
  <datafield tag="952" ind1=" " ind2=" ">
    <subfield code="0">0</subfield>
    <subfield code="1">0</subfield>
    <subfield code="2">udc</subfield>
    <subfield code="4">0</subfield>
    <subfield code="7">0</subfield>
    <subfield code="8">D</subfield>
    <subfield code="a">10000</subfield>
    <subfield code="b">10000</subfield>
    <subfield code="d">2022-02-07</subfield>
    <subfield code="i">21498</subfield>
    <subfield code="l">2</subfield>
    <subfield code="o">S1504</subfield>
    <subfield code="p">S1504</subfield>
    <subfield code="r">2023-06-14</subfield>
    <subfield code="s">2023-03-06</subfield>
    <subfield code="w">2022-02-07</subfield>
    <subfield code="y">OLDO</subfield>
  </datafield>
</record>
